|
|
|
|
| LEADER |
00000nam a2200000 a 4500 |
| 001 |
vtls001337027 |
| 003 |
SK-MaSNL |
| 005 |
20260426000626.0 |
| 008 |
251113s1997 xo ap r yy 0 slo |
| 015 |
|
|
|a SNBA1998/11-04287
|
| 020 |
|
|
|a 8071440639
|
| 035 |
|
|
|a SNK000290019
|
| 040 |
|
|
|a SNK
|b slo
|c SNK
|e AACR2
|
| 041 |
0 |
|
|a slo
|
| 044 |
|
|
|a xo
|c SK
|
| 080 |
|
|
|a 330.35(047.3)
|2 1981
|
| 245 |
1 |
0 |
|a Makroekonomické súvislosti rovnovážneho hospodárskeho rastu v SR
|b (1. etapa)
|c [autori: Herta Gabrielová ... [et al.]]
|
| 260 |
|
|
|a Bratislava
|b Ekonomický ústav SAV
|c 1997
|
| 300 |
|
|
|a 189 s.
|b sch., tab.
|c 30 cm
|
| 490 |
1 |
|
|a Výskumná práca. Edičný rad: A
|v č. 40
|
| 500 |
|
|
|a Údaj o aut. prevzatý z rubu tit. strany
|
| 504 |
|
|
|a Bibliogr. odkazy
|
| 650 |
0 |
7 |
|a ekonomika
|2 SNKPH
|9 789
|
| 651 |
|
7 |
|a Slovensko
|2 SNKPHgeo
|9 14231
|
| 655 |
|
7 |
|a výskumné správy
|2 SNK
|9 70491
|
| 700 |
1 |
|
|a Gabrielová, Herta,
|d 1935-2022
|4 aut
|9 117917
|
| 830 |
|
0 |
|a Výskumná práca. Edičný rad: A
|9 301905
|
| 919 |
|
|
|a 80-7144-063-9
|
| 958 |
|
|
|a TL
|
| 958 |
|
|
|a NB
|
| 999 |
|
|
|c 860813
|d 862743
|
| 952 |
|
|
|t P60, <03>, [BOOK], {603}
|a SNK
|b SNK
|y PREZ
|7 0
|p 17A0147559
|o snkSB 59190/1
|i snkKSP 7231/98
|0 0
|1 0
|4 0
|d 1998-07-14
|l 0
|r 2025-04-11 00:00:00
|w 2026-02-24
|
| 952 |
|
|
|t P60, <04>, [BOOK], {604}
|a SNK
|b SNK
|y VYP
|7 0
|p 17A0147558
|o snkSB 59190/1 D1
|i snkKSP 7232/98
|0 0
|1 0
|4 0
|d 1998-07-14
|l 0
|r 2005-01-02 00:00:00
|w 2026-02-24
|